Responses for Show #3416 - Monday, June 14, 1999

Contestants

[<< previous game]

Sarah Gold, a bank teller from Albany, New York

Chuck Lee, a business consultant from Superior, Colorado

Ryan Thiel, a sign language interpreter from Minneapolis, Minnesota (whose 3-day cash winnings total $34,702)

[next game >>]

Jeopardy! Round responses

FLAGS
(Alex: In honor of Flag Day.)
BETSY ROSS
STARS
STRIPES
FOREVER
"OLD" GLORY
    $100 12
British Columbia

Ryan
    $100 16
Philadelphia

Triple Stumper
    $100 17
Orson Welles

Chuck
    $100 3
a tarantula

Ryan
    $100 1
(Ryan: What is summer?)

flame

RyanSarah
    $100 7
Old King Cole

Sarah
    $200 13
white

Sarah
    $200 27
George Washington

Chuck
    $200 18
Patricia Arquette

Ryan
    $200 23
a hummingbird

Chuck
    $200 2
Willy Wonka

Chuck
    $200 8
This Old House

Ryan
    $300 14
Puerto Rico

Ryan
    $300 28
the Society of Friends (Quakers)

Chuck
    $300 19
Suzanne Somers

Ryan
    $300 24
a polecat

Ryan
    $300 4
a perpetual motion machine

Ryan
    $300 9
The Old Man and the Sea

Sarah
    $400 15
Louisiana

Chuck
    $400 29
grandson

Triple Stumper
    $400 20
Bill Paxton

Chuck
    $400 25
Asia

Sarah
    $400 5
Sisyphus

Ryan
    $400 10
"Old Blood and Guts"

Chuck
    $500 22
Andorra

Chuck
    $500 30
Independence Hall

Chuck
    $500 21
David Wayne

Ryan
    $500 26
a grunt

Ryan
    $500 6
The Neverending Story

Sarah
    $500 11
"Old Wives' Tale"

Chuck

Scores at the first commercial break (after clue 15):

Ryan Chuck Sarah
$1,300 $1,500 $1,200

Scores at the end of the Jeopardy! Round:

Ryan Chuck Sarah
$3,100 $3,700 $1,600

Double Jeopardy! Round responses

BOOKS & AUTHORS
(Alex: A whole category devoted to women who might become...)
MADAM PRESIDENT?
POP MUSIC THROUGH THE YEARS
BIOLOGY
CAPITAL PUNISHMENT
FROM A TO Y
(Alex: Each correct response will begin with the letter "A" & end with "Y". Why are they laughing? It's not a funny category.)
    $200 13
Tom Clancy

Chuck
    $200 24
Hillary Rodham Clinton

Ryan
    $200 18
Henry Mancini

Sarah
    $200 1
the liver

Sarah
    $200 7
Ethiopia

Ryan
    $200 3
Ally

Ryan
    $400 14
The Rainmaker

Ryan
    $400 27
Elizabeth Dole

Sarah
    $400 19
Buck Owens

Ryan
    $400 2
volcanoes

Chuck
    $400 9
(Sarah: What is Vietnam?)

Laos

Sarah
Triple Stumper
    $400 8
alimony

Sarah
    $600 15
Isaac Asimov

Sarah
    $600 28
Dianne Feinstein

Chuck
    $600 20
Burt Bacharach

Ryan
    $600 4
leaves

Sarah
    $600 10
Albania

Chuck
    $600 23
"Achy Breaky"

Sarah
    $1,000 16
Margaret Truman

Sarah
    $800 29
Christine Todd Whitman

Ryan
    $800 21
"Everybody Loves Somebody"

Triple Stumper
    $1,000 5
vitamin A

Sarah
    $800 11
Estonia

Triple Stumper
    $800 25
abominably

Ryan
    $1000 17
The Plague

Chuck
    $1000 30
astronaut

Sarah
    $1000 22
(Ryan: Who were The Shirelles?)

The Ronettes

Ryan
Triple Stumper
    $1000 6
baleen whales

Sarah
    $1000 12
Fiji

Triple Stumper
    $1000 26
apoplexy

Chuck

Scores at the end of the Double Jeopardy! Round:

Ryan Chuck Sarah
$5,700 $7,500 $8,200

[wagering suggestions for these scores]

Final Jeopardy! Round responses

COMPOSERS
RyanWho was Dizzy Gillespie
$5,699
ChuckWho is Selena?
$4,000
SarahWho was Leonard Bernstein?
$6,801
Leonard Bernstein

Final scores:

Ryan Chuck Sarah
$1 $3,500 $15,001
3rd place: Samsung 28" stereo TV 2nd place: a trip to Hong Kong Hotel New champion: $15,001

Game dynamics:

Coryat scores:

Ryan Chuck Sarah
$5,700 $7,500 $7,800
19 R,
2 W
17 R
(including 1 DD),
0 W
17 R
(including 2 DDs),
1 W

Combined Coryat: $21,000

[game clues] [game scores] [suggest correction]

Game tape date: Unknown
The J! Archive is created by fans, for fans. Scraping, republication, monetization, and malicious use prohibited; this site may use cookies and collect identifying information. See terms. The Jeopardy! game show and all elements thereof, including but not limited to copyright and trademark thereto, are the property of Jeopardy Productions, Inc. and are protected under law. This website is not affiliated with, sponsored by, or operated by Jeopardy Productions, Inc. Join the discussion at JBoard.tv.